THE WEALTH OF INDIA A DICTIONARY INDIAN RAW MATERIALS & INDUSTRIAL PRODUCTS RAW MATERIALS VOL VI SUPPLEMENT LIVE STOCK ( INCLUDING POULTRY ) (Record no. 276518)

MARC details
000 -LEADER
fixed length control field 00486pam a2200145a 44500
008 - FIXED-LENGTH DATA ELEMENTS--GENERAL INFORMATION
fixed length control field 230405s xxu||||| |||| 00| 0 eng d
041 ## - LANGUAGE CODE
Language code of text/sound track or separate title ENG
100 ## - MAIN ENTRY--PERSONAL NAME
Personal name CSIR
245 ## - TITLE STATEMENT
Title THE WEALTH OF INDIA A DICTIONARY INDIAN RAW MATERIALS & INDUSTRIAL PRODUCTS RAW MATERIALS VOL VI SUPPLEMENT LIVE STOCK ( INCLUDING POULTRY )
250 ## - EDITION STATEMENT
Edition statement 2003
260 ## - PUBLICATION, DISTRIBUTION, ETC.
Place of publication, distribution, etc. NEW DELHI
Name of publisher, distributor, etc. NATIONAL INSTITUTE OF SCIENCE COMMUNICATION AND IN NEW DELHI
Date of publication, distribution, etc.
300 ## - PHYSICAL DESCRIPTION
Extent 274
650 ## - SUBJECT ADDED ENTRY--TOPICAL TERM
Topical term or geographic name entry element PHARMACOGNOSY
906 ## - LOCAL DATA ELEMENT F, LDF (RLIN)
a 1247

No items available.